书目信息 |
| 题名: |
品悟
|
|
| 作者: | 张红霞 , 程晓雷 , 孙传志 编著 | |
| 分册: | ||
| 出版信息: | 北京 人民邮电出版社 2016 |
|
| 页数: | 642页 | |
| 开本: | 26cm | |
| 丛书名: | ||
| 单 册: | ||
| 中图分类: | TU201.4 , TU986.2-39 | |
| 科图分类: | ||
| 主题词: | 建筑设计--计算机辅助设计--应用软件 , 景观--园林设计--计算机辅助设计--应用软件 | |
| 电子资源: | ||
| ISBN: | 978-7-115-41581-3 | |
| 000 | 01142nam0 2200301 450 | |
| 001 | 557 | |
| 005 | 20160906085842.51 | |
| 010 | @a978-7-115-41581-3@dCNY168.00 | |
| 100 | @a20160607d2016 em y0chiy50 ea | |
| 101 | 0 | @achi |
| 102 | @aCN@b110000 | |
| 105 | @aa z 000yy | |
| 200 | 1 | @a品悟@9pin wu@eSketchUp Pro 2015建筑与园林景观设计@f张红霞,程晓雷,孙传志编著 |
| 210 | @a北京@c人民邮电出版社@d2016 | |
| 215 | @a642页@c图@d26cm@e1光盘 | |
| 307 | @a附光盘:ISBN 978-7-89397-883-8 | |
| 330 | @a本书共18章,通过大量的专业实例,介绍了SketchUp Pro 2015的基本知识,以及使用SketchUp Pro 2015进行室内、建筑、园林景观设计的方法和技巧。 | |
| 517 | 1 | @aSketchUp Pro 2015建筑与园林景观设计@9SketchUp Pro 2015 jian zhu yu yuan lin jing guan she ji |
| 606 | 0 | @a建筑设计@x计算机辅助设计@x应用软件 |
| 606 | 0 | @a景观@x园林设计@x计算机辅助设计@x应用软件 |
| 610 | 0 | @aSketchUp Pro |
| 690 | @aTU201.4@v5 | |
| 690 | @aTU986.2-39@v5 | |
| 701 | 0 | @a张红霞@9zhang hong xia@4编著 |
| 701 | 0 | @a程晓雷@9cheng xiao lei@4编著 |
| 701 | 0 | @a孙传志@9sun chuan zhi@4编著 |
| 801 | 0 | @aCN@b唐山师范学院图书馆@c20160722 |
| 905 | @aZUCC@dTU201.4@e723 | |
| 品悟:SketchUp Pro 2015建筑与园林景观设计/张红霞,程晓雷,孙传志编著.-北京:人民邮电出版社,2016 |
| 642页:图;26cm+1光盘 |
| ISBN 978-7-115-41581-3:CNY168.00 |
| 本书共18章,通过大量的专业实例,介绍了SketchUp Pro 2015的基本知识,以及使用SketchUp Pro 2015进行室内、建筑、园林景观设计的方法和技巧。 |
| ● |
| 相关链接 |
|
|
|
|
正题名:品悟
索取号:TU201.4/723
 
预约/预借
| 序号 | 登录号 | 条形码 | 馆藏地/架位号 | 状态 | 备注 |
| 1 | 902366 | 209023661 | 第二样本阅览室/ [索取号:TU201.4/723] | 在馆 | |
| 2 | 902367 | 209023670 | 第三借阅区/ [索取号:TU201.4/723] | 在馆 | |
| 3 | 902368 | 209023689 | 第三借阅区/ [索取号:TU201.4/723] | 在馆 |